American journal of entrepreneurship

Bibliographic Details
Previous Title:Southern journal of entrepreneurship
Format: Electronic Journal
Language:English
Published: Columbus, Georgia : Southern Academy of Entrepreneurship, 2012-
Subjects:
Online Access:Full text available from Research Library: 2012 to 12/31/2016

MARC

LEADER 00000nas a2200000 i 4500
001 ssj0000816028
003 WaSeSS
005 20200512172242.0
006 m d
007 cr n
008 111206c20129999gaufx p s 0 a0eng
010 |a  2011203752 
022 |y 2164-9685 
035 |a (WaSeSS)ssj0000816028 
037 |b Southern Academy of Entrepreneurship, 4845 Burt Mar. Drive(Apt. E-1), Columbus, GA 31907 
040 |a DLC  |b eng  |c DLC  |d DLC  |d OCLCQ  |d OCLCF  |d OCLCO  |d WaSeSS 
042 |a pcc  |a nsdp 
050 0 0 |a HB615  |b .S685 
082 0 0 |a 338.04  |2 23 
222 0 |a American journal of entrepreneurship 
245 0 0 |a American journal of entrepreneurship  |h [electronic resource]. 
246 1 |a AJE 
260 |a Columbus, Georgia :  |b Southern Academy of Entrepreneurship,  |c 2012- 
310 |a Twice per year 
362 1 |a Began with: Volume 5, issue 1 (June 2012). 
506 |a License restrictions may limit access. 
588 |a Description based on: Volume 5, issue 1 (June 2012); title from cover. 
588 |a Latest issue consulted: Volume 5, issue 1 (June 2012). 
650 0 |a Entrepreneurship  |v Periodicals. 
650 0 |a Small business  |x Management  |v Periodicals. 
650 7 |a Entrepreneurship.  |2 fast  |0 (OCoLC)fst00912787 
650 7 |a Small business  |x Management.  |2 fast  |0 (OCoLC)fst01121306 
655 0 |a Electronic journals. 
780 0 0 |t Southern journal of entrepreneurship  |x 1935-8695  |w (DLC) 2007214184  |w (OCoLC)82500590 
850 |a DLC 
856 4 0 |z Full text available from Research Library: 2012 to 12/31/2016  |u https://search.proquest.com/publication/38846